00301pab a2200121 454500008004000000100002800040245004300068260000900111300001300120362001100133650002000144773001500164180718b2013 xxu||||| |||| 00| 0 eng d aSrivastava, Vivek Kumar aNelson Mandela: His life, his thoughts c2013 ap.14-16. a28 Dec aMandela, Nelson aMainstream